000 00860nam a22002297a 4500
005 20100810150721.0
010 _aENG-99241
020 _c140.00
035 _aEN-82773
037 _bDBAD/PUB
082 _a658.45
100 _aRai, Urmila
_910297
245 _aBussiness communication (for B. M. S.) /
_cby Urmila Rai [and] S. M. Rai
260 _aNew Delhi
_bHimalaya Publishing House
_c2008
270 _a"Pooja Apartments", 4-B, Murari Lal Street, Ansari Road, Darya Ganj
_bNew Delhi
_e110002
300 _a219p.
_c24cm (pbk)
650 _aCommunication in organisations
_910298
650 _aBussiness waiting
_910299
700 _aRai, S. M.
_910300
942 _2ddc
_cEN
_h658.45
_mRAI
999 _c40728
_d40728